000 00248nam a2200097Ia 4500
001 727993
005 20250826163459.0
008 250824s9999 xx 000 0 und d
245 0 _aDOĞRULUK DÜRÜSTLÜK
_cİSMİHAN ARSLAN
260 _bGİZEMLİ BAHÇE
999 _c727993
_d727993